000 00319nam a22001097a 4500
008 150930b xxu||||| |||| 00| 0 eng d
020 _a0134893603
041 0 _aeng
080 _a316.77
245 1 0 _aInterpersonal communication :
_cSteven A. Beebe, Susan J. Beebe, Mark V. Redmond.
942 _2udc
_cBK
999 _c1206
_d1206